Számítógépes képrekonstrukció Fourier-transzformációval
Elmentve itt :
| Szerző: | |
|---|---|
| További közreműködők: | |
| Dokumentumtípus: | Szakdolgozat |
| Megjelent: |
1989
|
| Tárgyszavak: | |
| Online Access: | http://diploma.bibl.u-szeged.hu/486 |
| LEADER | 00540nta a2200157 i 4500 | ||
|---|---|---|---|
| 001 | dipl486 | ||
| 005 | 20120326132556.0 | ||
| 008 | 101217s1989 hu om 0|| hun d | ||
| 040 | |a SZTE Diploma Repozitórium |b hun | ||
| 041 | |a hun | ||
| 100 | 1 | |a Hügl Erika | |
| 245 | 1 | 0 | |a Számítógépes képrekonstrukció Fourier-transzformációval |h [elektronikus dokumentum] / |c Erika Hügl |
| 260 | |c 1989 | ||
| 650 | 4 | |a Informatika | |
| 700 | 1 | |a Kuba Attila |e ths | |
| 856 | 4 | 0 | |u http://diploma.bibl.u-szeged.hu/id/eprint/486/1/1989_hugl_erika_89_38.pdf |z Dokumentum-elérés |